000 00804nam0a22002411 4500
001 rc\2600658
005 20250623131015.0
035 _a(NLR Aleph) 006764740
090 _a5881634
_c5881634
100 _a20110914d1930 |||y0rusy50 ca
101 0 _arus
102 _aRU
105 _ay z |||||
200 1 _aПособие по претензионному делу при морских перевозках грузов
_fК. Лаврентьев
210 _aМосква
_cТранспечать НКПС
_d1930
_g5-я тип. Транспечати НКПС
215 _a95 с., [1] с. объявл.
_d18х13 см.
700 1 _aЛаврентьев
_bК.
801 0 _aRU
_bNLR
_gpsbo
801 1 _aRU
_bELAR
_2rusmarc
852 _aNLR
_j30.8/6167
942 _cBOOK
980 _aNB